| 000 | 00717nam a2200181Ia 4500 | ||
|---|---|---|---|
| 008 | 151018s9999 xx 000 0 und d | ||
| 082 |
_bRBASDV45694 _a629.4 |
||
| 100 | _aशर्मा क्षीरसागर | ||
| 245 | _aउडान और जलयान के बदलते स्वरूप | ||
| 250 | _b1 | ||
| 260 |
_bअपराजिता _c2008 |
||
| 300 | _a96 | ||
| 600 | _aशर्मा क्षीरसागर | ||
| 630 | _aउडान और जलयान के बदलते स्वरूप | ||
| 700 | _aशर्मा क्षीरसागर | ||
| 730 | _aउडान और जलयान के बदलते स्वरूप | ||
| 942 | _cBOOK | ||
| 999 |
_c1044871 _d1044868 |
||